Statistiques concernant - Culture générale en 125 points -

Cliquez ici pour prendre le quiz!

Statistiques générales

  • Ce quiz a été pris 7 118 fois
    (4 210 depuis la dernière actualisation)
  • Le résultat moyen est 73 sur 125

Statistiques - réponses

CatégorieIndiceRéponse% Correct
CapitaleCapitale du MexiqueMexico
95%
CapitaleCapitale de la ChinePékin
94%
Dessin-animéEponge carrée qui vit dans un ananas sous la merBob l'éponge
93%
Corps humainPartie du visage entre les cheveux et les sourcilsFront
93%
LanguesQuatre en anglaisFour
92%
Jeu VidéoCouleur de Pac-ManJaune
92%
ArtsMusée le plus fréquenté du mondeMusée du Louvre
92%
SportVainqueur de la coupe du monde de football 2018France
91%
MangaPays d'origine du mangaJapon
91%
PaysCommence par un YYémen
91%
Physique & ChimieLes 4 états d'un corps pur: solide, gazeux, plasma, et...Liquide
90%
Jeu VidéoLe frère de MarioLuigi
90%
Dessin-animéLa mère de la famille SimpsonMarge Simpson
89%
ConjugaisonÊtre au présent de l'indicatif, avec 'elle'Elle est
88%
LittératureIl a écrit 'Les Misérables'Victor Hugo
88%
ComicsVéhicule emblématique de BatmanBatmobile
86%
ComicsSon véritable nom est Peter ParkerSpider-Man
86%
ConjugaisonAcheter à l'impafait, avec 'tu'Tu achetais
86%
Réseaux sociauxCo-fondé par Mark ZuckerbergFacebook
85%
EspaceAnciennement 9ème planète du système solairePluton
85%
Corps humainPartie visible et colorée de l'oeilIris
84%
SportVille d'acceuil des prochains Jeux OlympiquesParis
84%
Physique & ChimieContient toute l'information génétique, appelée génomeADN / Acide désoxyribonucléique
83%
EspacePremier homme à avoir posé le pied sur la LuneNeil Alden Armstrong
83%
PaysPlus petite superficieVatican
83%
EspacePlanète la plus proche du soleilMercure
82%
Corps humainDoigt entre le majeur et l'auriculaireAnnulaire
81%
Dessin-animéStudio à l'origine de Toy StoryPixar
80%
Réseaux sociauxFantôme blanc sur fond jauneSnapchat
80%
Physique & ChimieElément chimique de symbole CCarbone
79%
SportCompétition cycliste surnomée 'La Grande Boucle'Tour de France
79%
ConjugaisonSavoir au futur simple, avec 'ils'Ils sauront
78%
LittératureElle a écrit 'Harry Potter'J. K. Rowling
78%
LittératureHomère y raconte le retour d'UlysseL'Odyssée
78%
Mathématique2x=54. Donc x=...27
77%
FloreOrgane souterrain d'une planteRacine
77%
Corps humainOs de la cuisseFémur
76%
MathématiqueTriangle ayant au moins deux côtés de même longueurTriangle isocèle
76%
Jeu de sociétéColonel du CluedoColonel Moutarde
75%
Physique & ChimieConnu pour sa théorie de la gravitation universelleIsaac Newton
74%
ComicsMaison d'édition américaine (Avengers, X-Men...)Marvel
74%
Série TVSérie française de plus de 4050 épisodesPlus Belle la Vie
74%
LanguesSix en espagnolSeis
74%
ArtsIl a peint La Nuit EtoiléeVincent Willem van Gogh
73%
Réseaux sociauxMessage court sur TwitterTweet
72%
HistoireAnnée de la dislocation de l'URSS1991
71%
PaysAvec la terre le plus au NordDanemark (Groenland)
71%
Bande-dessinéeDruide du village d'AstérixPanoramix
71%
MathématiqueNom donné au résultat d'une additionUne somme
71%
MangaPirate au chapeau de pailleMonkey D. Luffy
70%
Dessin-animéPremier long-métrage des studios DisneyBlanche-Neige et les Sept Nains
69%
FauneOrgane respiratoire des poissonsBranchie
69%
CinémaRéalisateur de 'E.T. l'Extra-terrestre'Steven Spielberg
69%
MathématiquePi, à la troisième décimale3,141
68%
ArtsCélèbre sculpture en bronze de RodinLe Penseur
68%
HistoirePériode de l'histoire d'Europe (du Ve au XVe siècle)Moyen Âge
68%
Jeu VidéoFabricant de la GameCubeNintendo
68%
HistoireÎle où Napoléon est décédéSainte-Hélène
68%
Physique & ChimieElément chimique de numéro atomique 1Hydrogène
67%
ArtsIl a écrit pour le théâtre Hamlet, Othello, et Le Roi LearWilliam Shakespeare
67%
Dessin-animéOiseau bleu poursuivit par Vil CoyoteBip Bip
64%
FloreLa corolle d'une fleur est l'ensemble des...Pétales
64%
Réseaux sociauxDédié majoritairement au gamingTwitch
64%
Corps humainLes huit dents les plus centréesIncisives
63%
FauneCri du chevalHennissement (Hennir)
62%
ConjugaisonOuvrir au passé simple, avec 'nous'Nous ouvrîmes
61%
SportDavid Douillet s'y est illustréJudo
60%
Jeu VidéoSeconde console XboxXbox 360
60%
CinémaFilm de 1980 avec Sophie MarceauLa Boum
59%
Bande-dessinéeVille du festival de BD le plus connu de FranceAngoulême
58%
LanguesTrois en allemandDrei
57%
Jeu VidéoJeu phare d'Epic GamesFortnite
57%
PaysPossède l'île de PâquesChili
55%
Réseaux sociauxOn y 'épingle' ou 'pin' des photos et vidéosPinterest
55%
CinémaRéalisateur de Kill BillQuentin Tarantino
55%
PaysCompte le plus d'îlesIndonésie
54%
Jeu de sociétéDernière propriété du Monopoly classiqueRue de la Paix
54%
MathématiqueCe que signifie CQFDCe qu'il fallait démontrer
50%
LanguesDeux en italienDue
50%
CuisinePotage de légumes crus mixés servi froidGaspacho
49%
HistoireIl porta le coup fatal à Jules CésarMarcus Junius Brutus Cæpio
49%
CapitaleCapitale de MadagascarAntananarivo
47%
Département fr.Frontière suisse, entre l'Ain et le DoubsJura
47%
CuisineCondiment populaire (sauce tomate, vinaigre, sucre)Ketchup
46%
Département fr.Versailles est sa préfectureYvelines
46%
LanguesCinq en portugaisCinco
44%
CuisinePoisson utilisé dans un gravlaxSaumon
44%
ConjugaisonDétruire au présent du conditionnel, avec 'vous'Vous détruiriez
44%
Série TVSérie mettant en scène la famille StarkGame of Thrones
42%
ComicsTortue ninja à bandeau bleuLeonardo
42%
Jeu de sociétéAutre nom du Tic-tac-toeMorpion
42%
FlorePlus grand type d'arbre au mondeSéquoia
42%
FauneOiseau le plus rapideFaucon pèlerin
41%
CapitaleLa plus au Sud du mondeWellington (N-Z)
40%
MangaLe corsaire de l'espaceAlbator
39%
Bande-dessinéeDeuxième album des aventures de TintinTintin au Congo
39%
LittératureTroisième tome du 'Seigneur des Anneaux'Le Retour du Roi
37%
Département fr.Sur la côte, entre le Morbihan et la VendéeLoire-Atlantique
37%
FauneRégime alimentaire de la mangousteCarnivore
36%
HistoirePériode géologique prenant fin avec les dinosauresCrétacé
34%
CinémaRôle de Vin Diesel dans Fast and FuriousDominic 'Dom' Toretto
33%
CuisineGrand chef cuisinier LyonnaisPaul Bocuse
33%
CuisinePassoire conique qui sert à filtrer les liquidesChinois
32%
Série TVActeur incarnant Cordell, dans Walker, Texas RangerChuck Norris
32%
SportRevêtement anti-dérapant recouvrant un skateboardGrip
31%
CapitaleCommence par un EErevan (Arménie)
30%
FauneFemelle du lièvreHase
29%
Jeu de sociétéLes 5 lettres à 10 points du Scrabble classique françaisK-W-X-Y-Z
29%
Série TVLe shériff de The Walking DeadRick Grimes
29%
Département fr.Sur la côte, entre l'Hérault et les Pyrénées-OrientalesAude
25%
Département fr.Le 19Correze
25%
CinémaActrice incarnant Ellen Ripley dans AlienSigourney Weaver
22%
FloreFruit du plaqueminierKaki
21%
MangaAuteur de Dragon BallAkira Toriyama
20%
ArtsConsidéré comme le 1er des 10 artsL'architecture
20%
EspaceTraînée visible qui suit une comèteQueue
19%
Série TVSérie mettant en scène Lorelai et sa fille RoryGilmore Girls
16%
Bande-dessinéeDessinateur de Gaston LagaffeAndré Franquin
15%
EspaceSystème planétaire le plus proche du nôtreAlpha du Centaure
14%
MangaEditeur français de NarutoKana
11%
LittératureCheval de Don QuichotteRoccinante
10%
Jeu de sociétéExtension futuriste de WarhammerWarhammer 40,000
10%
ComicsAuteur de Sin City et 300Frank Miller
4%
FloreArt traditionnel japonais de composition floraleIkebana
4%
Bande-dessinéeScénariste de L'IncalAlejandro Jodorowski
2%

Distribution des résultats

Percentile par nombre de réponses

% des personnes avec chaque résultat

Votre développement - résultats

Vous n’avez pas pris ce quiz depuis la dernière actualisation